| 000 | 00740cam a2200253 4500 | ||
|---|---|---|---|
| 001 | J276 | ||
| 008 | 090401t1991 xxu||||| |||| 00| 0 eng d | ||
| 035 | _a(Sirsi) u74206 | ||
| 041 | _aeng | ||
| 050 | _a690.2 | ||
| 100 | _aStaveley, H.S. | ||
| 245 | _aAccess to buildings for inspection and maintenance. | ||
| 260 |
_aAscot,Berks. _bChartered Institute of Building _c1991 |
||
| 300 | _a9p. ; 30cm. | ||
| 350 | _a0 | ||
| 490 |
_aTechnical Information Service _v136 |
||
| 650 | _aACCESS | ||
| 650 | _aBUILT ENVIRONMENT-CONSTRUCTION DESIGN | ||
| 650 | _aBUILT ENVIRONMENT-BUILDING INSPECTION | ||
| 650 |
_aRefurbishment _96264 |
||
| 690 | _aBUILDING AND CONSTRUCTION-REPAIRS AND MAINTENANCE | ||
| 942 | _n0 | ||
| 948 | _c04/03/1997 | ||
| 999 |
_c95788 _d95788 |
||